000 00231nam a2200097Ia 4500
005 20251222114347.0
008 251222s1900||||xx |||||||||||||| ||spa||
082 _aDVD0111/S47/2006
245 0 _aDragones destino de fuego:
942 _cDVD
999 _c1079
_d1079